Aktuálne trendy podnikového controllingu aplikované vo vybranom podnikateľskom subjekte diplomová práca
Na minha lista:
| Autor principal: | |
|---|---|
| Autor Corporativo: | |
| Outros Autores: | |
| Formato: | Livro |
| Idioma: | eslovaco |
| Publicado em: |
Bratislava
2015
|
| Tags: |
Sem tags, seja o primeiro a adicionar uma tag!
|
MARC
| LEADER | 00000nbm a2200000 4500 | ||
|---|---|---|---|
| 001 | 0201372 | ||
| 005 | 20161212102958.3 | ||
| 041 | 0 | |a slo | |
| 044 | |a SK | ||
| 245 | 1 | 0 | |a Aktuálne trendy podnikového controllingu aplikované vo vybranom podnikateľskom subjekte |b diplomová práca |c Henrieta Schevellová ; školiteľ: Gabriela Dubcová |
| 264 | 1 | |a Bratislava |c 2015 | |
| 300 | |a 100 s. | ||
| 100 | 1 | |a Schevellová, Henrieta | |
| 700 | 1 | |a Dubcová, Gabriela, 1968- | |
| 710 | 2 | |a Fakulta podnikového manažmentu EU. Katedra podnikovohospodárska | |